Statistics for Draw All Borders between Landlocked Countries

Click here to take the quiz!

General Stats

  • This quiz has been taken 1,441 times
  • The average score is 122 of 317

Answers on the Map

Answers color-coded by a green-red scale on the quiz's map according to % correct below.
 

Answer Stats

LABBordering Countries% Correct
41LiechtensteinSwitzerlandLiechtenstein-Switzerland
60%
366AustriaHungaryAustria-Hungary
59%
35AustriaLiechtensteinAustria-Liechtenstein
59%
164AustriaSwitzerlandAustria-Switzerland
59%
362AustriaCzech RepublicAustria-Czech Republic
58%
750BoliviaParaguayBolivia-Paraguay
58%
215Czech RepublicSlovakiaCzech Republic-Slovakia
57%
2203KazakhstanUzbekistanKazakhstan-Uzbekistan
57%
677HungarySlovakiaHungary-Slovakia
56%
4677ChinaMongoliaChina-Mongolia
53%
3485MongoliaRussiaMongolia-Russia
53%
91AustriaSlovakiaAustria-Slovakia
52%
151HungarySerbiaHungary-Serbia
52%
1051KazakhstanKyrgyzstanKazakhstan-Kyrgyzstan
52%
6846KazakhstanRussiaKazakhstan-Russia
52%
784AustriaGermanyAustria-Germany
51%
3400BoliviaBrazilBolivia-Brazil
51%
1290BrazilParaguayBrazil-Paraguay
51%
334GermanySwitzerlandGermany-Switzerland
51%
1621TurkmenistanUzbekistanTurkmenistan-Uzbekistan
51%
832ArgentinaBoliviaArgentina-Bolivia
50%
1880ArgentinaParaguayArgentina-Paraguay
50%
430AustriaItalyAustria-Italy
50%
900BoliviaPeruBolivia-Peru
50%
573FranceSwitzerlandFrance-Switzerland
50%
740ItalySwitzerlandItaly-Switzerland
50%
330AustriaSloveniaAustria-Slovenia
49%
861BoliviaChileBolivia-Chile
49%
1175ChadNigerChad-Niger
49%
1360ChadSudanChad-Sudan
49%
39ItalySan MarinoItaly-San Marino
49%
3.2ItalyVatican CityItaly-Vatican City
49%
63.7AndorraSpainAndorra-Spain
48%
1533ChinaKazakhstanChina-Kazakhstan
48%
443HungaryRomaniaHungary-Romania
48%
103HungaryUkraineHungary-Ukraine
48%
870KyrgyzstanTajikistanKyrgyzstan-Tajikistan
48%
744AfghanistanTurkmenistanAfghanistan-Turkmenistan
47%
56.6AndorraFranceAndorra-France
47%
891BelarusUkraineBelarus-Ukraine
47%
148BelgiumLuxembourgBelgium-Luxembourg
47%
815Czech RepublicGermanyCzech Republic-Germany
47%
73FranceLuxembourgFrance-Luxembourg
47%
352KosovoSerbiaKosovo-Serbia
47%
1206AfghanistanTajikistanAfghanistan-Tajikistan
46%
137AfghanistanUzbekistanAfghanistan-Uzbekistan
46%
1197Central African RepublicChadCentral African Republic-Chad
46%
1236ChinaNepalChina-Nepal
46%
658Czech RepublicPolandCzech Republic-Poland
46%
138GermanyLuxembourgGermany-Luxembourg
46%
821MaliNigerMali-Niger
46%
450MoldovaRomaniaMoldova-Romania
46%
939MoldovaUkraineMoldova-Ukraine
46%
444PolandSlovakiaPoland-Slovakia
46%
97SlovakiaUkraineSlovakia-Ukraine
46%
959BelarusRussiaBelarus-Russia
45%
470BhutanChinaBhutan-China
45%
1690IndiaNepalIndia-Nepal
45%
1161TajikistanUzbekistanTajikistan-Uzbekistan
45%
2430AfghanistanPakistanAfghanistan-Pakistan
44%
407BelarusPolandBelarus-Poland
44%
605BhutanIndiaBhutan-India
44%
483Central African RepublicSudanCentral African Republic-Sudan
44%
858ChinaKyrgyzstanChina-Kyrgyzstan
44%
329CroatiaHungaryCroatia-Hungary
44%
102HungarySloveniaHungary-Slovenia
44%
1099KyrgyzstanUzbekistanKyrgyzstan-Uzbekistan
44%
476RomaniaSerbiaRomania-Serbia
44%
936AfghanistanIranAfghanistan-Iran
43%
502BelarusLithuaniaBelarus-Lithuania
43%
302Bosnia and HerzegovinaSerbiaBosnia and Herzegovina-Serbia
43%
318BulgariaSerbiaBulgaria-Serbia
43%
423ChinaLaosChina-Laos
43%
76AfghanistanChinaAfghanistan-China
42%
141BelarusLatviaBelarus-Latvia
42%
290BurundiRwandaBurundi-Rwanda
42%
541CambodiaLaosCambodia-Laos
42%
1577Central African RepublicDemocratic Republic of the CongoCentral African Republic-Democratic Republic of the Congo
42%
414ChinaTajikistanChina-Tajikistan
42%
241CroatiaSerbiaCroatia-Serbia
42%
1754LaosThailandLaos-Thailand
42%
2130LaosVietnamLaos-Vietnam
42%
909LesothoSouth AfricaLesotho-South Africa
42%
62MacedoniaSerbiaMacedonia-Serbia
42%
124MontenegroSerbiaMontenegro-Serbia
42%
164ArmeniaGeorgiaArmenia-Georgia
41%
1000Burkina FasoMaliBurkina Faso-Mali
41%
628Burkina FasoNigerBurkina Faso-Niger
41%
8893CanadaUnited StatesCanada-United States
41%
467Central African RepublicRepublic of the CongoCentral African Republic-Republic of the Congo
41%
682Central African RepublicSouth SudanCentral African Republic-South Sudan
41%
723EthiopiaSudanEthiopia-Sudan
41%
992IranTurkmenistanIran-Turkmenistan
41%
79KosovoMontenegroKosovo-Montenegro
41%
169RwandaUgandaRwanda-Uganda
41%
112AlbaniaKosovoAlbania-Kosovo
40%
148BulgariaMacedoniaBulgaria-Macedonia
40%
1055ChadLibyaChad-Libya
40%
246GreeceMacedoniaGreece-Macedonia
40%
379KazakhstanTurkmenistanKazakhstan-Turkmenistan
40%
159KosovoMacedoniaKosovo-Macedonia
40%
235LaosMyanmarLaos-Myanmar
40%
1497NigerNigeriaNiger-Nigeria
40%
1937South SudanSudanSouth Sudan-Sudan
40%
797ZambiaZimbabweZambia-Zimbabwe
40%
151AlbaniaMacedoniaAlbania-Macedonia
39%
956AlgeriaNigerAlgeria-Niger
39%
322AzerbaijanGeorgiaAzerbaijan-Georgia
39%
233BurundiDemocratic Republic of the CongoBurundi-Democratic Republic of the Congo
39%
1094CameroonChadCameroon-Chad
39%
217Democratic Republic of the CongoRwandaDemocratic Republic of the Congo-Rwanda
39%
2237MaliMauritaniaMali-Mauritania
39%
3141MexicoUnited StatesMexico-United States
39%
1376AlgeriaMaliAlgeria-Mali
38%
268ArmeniaTurkeyArmenia-Turkey
38%
1840BotswanaSouth AfricaBotswana-South Africa
38%
813BotswanaZimbabweBotswana-Zimbabwe
38%
797CameroonCentral African RepublicCameroon-Central African Republic
38%
87ChadNigeriaChad-Nigeria
38%
3645ChinaRussiaChina-Russia
38%
628Democratic Republic of the CongoSouth SudanDemocratic Republic of the Congo-South Sudan
38%
1930Democratic Republic of the CongoZambiaDemocratic Republic of the Congo-Zambia
38%
883EthiopiaSouth SudanEthiopia-South Sudan
38%
4.4FranceMonacoFrance-Monaco
38%
354LibyaNigerLibya-Niger
38%
531RomaniaUkraineRomania-Ukraine
38%
284AzerbaijanRussiaAzerbaijan-Russia
37%
266BeninNigerBenin-Niger
37%
1360BotswanaNamibiaBotswana-Namibia
37%
608BulgariaRomaniaBulgaria-Romania
37%
765Democratic Republic of the CongoUgandaDemocratic Republic of the Congo-Uganda
37%
451FranceGermanyFrance-Germany
37%
623FranceSpainFrance-Spain
37%
456GermanyPolandGermany-Poland
37%
232KenyaSouth SudanKenya-South Sudan
37%
526PolandUkrainePoland-Ukraine
37%
1214PortugalSpainPortugal-Spain
37%
1576RussiaUkraineRussia-Ukraine
37%
430South AfricaSwazilandSouth Africa-Swaziland
37%
435South SudanUgandaSouth Sudan-Uganda
37%
1224ArgentinaBrazilArgentina-Brazil
36%
5300ArgentinaChileArgentina-Chile
36%
35ArmeniaIranArmenia-Iran
36%
432AzerbaijanIranAzerbaijan-Iran
36%
9AzerbaijanTurkeyAzerbaijan-Turkey
36%
306BeninBurkina FasoBenin-Burkina Faso
36%
584Burkina FasoCote d'IvoireBurkina Faso-Cote d'Ivoire
36%
549Burkina FasoGhanaBurkina Faso-Ghana
36%
126Burkina FasoTogoBurkina Faso-Togo
36%
451BurundiTanzaniaBurundi-Tanzania
36%
3380ChinaIndiaChina-India
36%
532Cote d'IvoireMaliCote d'Ivoire-Mali
36%
2410Democratic Republic of the CongoRepublic of the CongoDemocratic Republic of the Congo-Republic of the Congo
36%
68DenmarkGermanyDenmark-Germany
36%
488FranceItalyFrance-Italy
36%
723GeorgiaRussiaGeorgia-Russia
36%
577GermanyNetherlandsGermany-Netherlands
36%
962GuatemalaMexicoGuatemala-Mexico
36%
858GuineaMaliGuinea-Mali
36%
360IrelandUnited KingdomIreland-United Kingdom
36%
933KenyaUgandaKenya-Uganda
36%
1569MalawiMozambiqueMalawi-Mozambique
36%
475MalawiTanzaniaMalawi-Tanzania
36%
419MaliSenegalMali-Senegal
36%
105MozambiqueSwazilandMozambique-Swaziland
36%
1231MozambiqueZimbabweMozambique-Zimbabwe
36%
217RwandaTanzaniaRwanda-Tanzania
36%
225South AfricaZimbabweSouth Africa-Zimbabwe
36%
1110AngolaZambiaAngola-Zambia
35%
579ArgentinaUruguayArgentina-Uruguay
35%
620BelgiumFranceBelgium-France
35%
167BelgiumGermanyBelgium-Germany
35%
250BelizeMexicoBelize-Mexico
35%
1643BrazilColombiaBrazil-Colombia
35%
1560BrazilPeruBrazil-Peru
35%
985BrazilUruguayBrazil-Uruguay
35%
1416ChinaNorth KoreaChina-North Korea
35%
523ChinaPakistanChina-Pakistan
35%
1281ChinaVietnamChina-Vietnam
35%
349DjiboutiEthiopiaDjibouti-Ethiopia
35%
912EritreaEthiopiaEritrea-Ethiopia
35%
294EstoniaRussiaEstonia-Russia
35%
861EthiopiaKenyaEthiopia-Kenya
35%
1600EthiopiaSomaliaEthiopia-Somalia
35%
1340FinlandRussiaFinland-Russia
35%
614FinlandSwedenFinland-Sweden
35%
2912IndiaPakistanIndia-Pakistan
35%
232ItalySloveniaItaly-Slovenia
35%
217LatviaRussiaLatvia-Russia
35%
227LithuaniaRussiaLithuania-Russia
35%
419MozambiqueZambiaMozambique-Zambia
35%
238North KoreaSouth KoreaNorth Korea-South Korea
35%
196NorwayRussiaNorway-Russia
35%
1619NorwaySwedenNorway-Sweden
35%
206PolandRussiaPoland-Russia
35%
396TanzaniaUgandaTanzania-Uganda
35%
338TanzaniaZambiaTanzania-Zambia
35%
2511AngolaDemocratic Republic of the CongoAngola-Democratic Republic of the Congo
34%
201AngolaRepublic of the CongoAngola-Republic of the Congo
34%
4053BangladeshIndiaBangladesh-India
34%
450BelgiumNetherlandsBelgium-Netherlands
34%
266BelizeGuatemalaBelize-Guatemala
34%
932Bosnia and HerzegovinaCroatiaBosnia and Herzegovina-Croatia
34%
673BrazilFranceBrazil-France
34%
1119BrazilGuyanaBrazil-Guyana
34%
597BrazilSurinameBrazil-Suriname
34%
2200BrazilVenezuelaBrazil-Venezuela
34%
494BulgariaGreeceBulgaria-Greece
34%
240BulgariaTurkeyBulgaria-Turkey
34%
803CambodiaThailandCambodia-Thailand
34%
1228CambodiaVietnamCambodia-Vietnam
34%
160ChilePeruChile-Peru
34%
2185ChinaMyanmarChina-Myanmar
34%
590ColombiaEcuadorColombia-Ecuador
34%
225ColombiaPanamaColombia-Panama
34%
1496ColombiaPeruColombia-Peru
34%
2050ColombiaVenezuelaColombia-Venezuela
34%
309Costa RicaNicaraguaCosta Rica-Nicaragua
34%
330Costa RicaPanamaCosta Rica-Panama
34%
459Democratic Republic of the CongoTanzaniaDemocratic Republic of the Congo-Tanzania
34%
1420EcuadorPeruEcuador-Peru
34%
203El SalvadorGuatemalaEl Salvador-Guatemala
34%
342El SalvadorHondurasEl Salvador-Honduras
34%
736FinlandNorwayFinland-Norway
34%
510FranceSurinameFrance-Suriname
34%
252GeorgiaTurkeyGeorgia-Turkey
34%
256GuatemalaHondurasGuatemala-Honduras
34%
600GuyanaSurinameGuyana-Suriname
34%
922HondurasNicaraguaHonduras-Nicaragua
34%
1458IranIraqIran-Iraq
34%
453LatviaLithuaniaLatvia-Lithuania
34%
91LithuaniaPolandLithuania-Poland
34%
1800MyanmarThailandMyanmar-Thailand
34%
233NamibiaZambiaNamibia-Zambia
34%
19North KoreaRussiaNorth Korea-Russia
34%
282AlbaniaGreeceAlbania-Greece
33%
172AlbaniaMontenegroAlbania-Montenegro
33%
193BangladeshMyanmarBangladesh-Myanmar
33%
225Bosnia and HerzegovinaMontenegroBosnia and Herzegovina-Montenegro
33%
523CameroonRepublic of the CongoCameroon-Republic of the Congo
33%
670CroatiaSloveniaCroatia-Slovenia
33%
360Dominican RepublicHaitiDominican Republic-Haiti
33%
1115EgyptLibyaEgypt-Libya
33%
1273EgyptSudanEgypt-Sudan
33%
339EstoniaLatviaEstonia-Latvia
33%
10.2FranceNetherlandsFrance-Netherlands
33%
1903GabonRepublic of the CongoGabon-Republic of the Congo
33%
206GreeceTurkeyGreece-Turkey
33%
743GuyanaVenezuelaGuyana-Venezuela
33%
1463IndiaMyanmarIndia-Myanmar
33%
1782IndonesiaMalaysiaIndonesia-Malaysia
33%
820IndonesiaPapua New GuineaIndonesia-Papua New Guinea
33%
909IranPakistanIran-Pakistan
33%
499IranTurkeyIran-Turkey
33%
181IraqJordanIraq-Jordan
33%
605IraqSyriaIraq-Syria
33%
375JordanSyriaJordan-Syria
33%
506MalaysiaThailandMalaysia-Thailand
33%
17MoroccoSpainMorocco-Spain
33%
967NamibiaSouth AfricaNamibia-South Africa
33%
1.2SpainUnited KingdomSpain-United Kingdom
33%
982AlgeriaLibyaAlgeria-Libya
32%
463AlgeriaMauritaniaAlgeria-Mauritania
32%
1601AlgeriaMoroccoAlgeria-Morocco
32%
965AlgeriaTunisiaAlgeria-Tunisia
32%
1376AngolaNamibiaAngola-Namibia
32%
773BeninNigeriaBenin-Nigeria
32%
644BeninTogoBenin-Togo
32%
381BruneiMalaysiaBrunei-Malaysia
32%
189CameroonEquatorial GuineaCameroon-Equatorial Guinea
32%
298CameroonGabonCameroon-Gabon
32%
1690CameroonNigeriaCameroon-Nigeria
32%
668Cote d'IvoireGhanaCote d'Ivoire-Ghana
32%
716Cote d'IvoireLiberiaCote d'Ivoire-Liberia
32%
25CroatiaMontenegroCroatia-Montenegro
32%
58DjiboutiSomaliaDjibouti-Somalia
32%
228East TimorIndonesiaEast Timor-Indonesia
32%
277EgyptIsraelEgypt-Israel
32%
350Equatorial GuineaGabonEquatorial Guinea-Gabon
32%
605EritreaSudanEritrea-Sudan
32%
740GambiaSenegalGambia-Senegal
32%
877GhanaTogoGhana-Togo
32%
386GuineaGuinea-BissauGuinea-Guinea-Bissau
32%
563GuineaLiberiaGuinea-Liberia
32%
330GuineaSenegalGuinea-Senegal
32%
652GuineaSierra LeoneGuinea-Sierra Leone
32%
240IraqKuwaitIraq-Kuwait
32%
814IraqSaudi ArabiaIraq-Saudi Arabia
32%
352IraqTurkeyIraq-Turkey
32%
335IsraelJordanIsrael-Jordan
32%
79IsraelLebanonIsrael-Lebanon
32%
76IsraelSyriaIsrael-Syria
32%
744JordanSaudi ArabiaJordan-Saudi Arabia
32%
769KenyaTanzaniaKenya-Tanzania
32%
222KuwaitSaudi ArabiaKuwait-Saudi Arabia
32%
375LebanonSyriaLebanon-Syria
32%
306LiberiaSierra LeoneLiberia-Sierra Leone
32%
383LibyaSudanLibya-Sudan
32%
459LibyaTunisiaLibya-Tunisia
32%
837MalawiZambiaMalawi-Zambia
32%
1561MauritaniaMoroccoMauritania-Morocco
32%
813MauritaniaSenegalMauritania-Senegal
32%
491MozambiqueSouth AfricaMozambique-South Africa
32%
756MozambiqueTanzaniaMozambique-Tanzania
32%
676OmanSaudi ArabiaOman-Saudi Arabia
32%
410OmanUnited Arab EmiratesOman-United Arab Emirates
32%
288OmanYemenOman-Yemen
32%
60QatarSaudi ArabiaQatar-Saudi Arabia
32%
457Saudi ArabiaUnited Arab EmiratesSaudi Arabia-United Arab Emirates
32%
1458Saudi ArabiaYemenSaudi Arabia-Yemen
32%
822SyriaTurkeySyria-Turkey
32%
787ArmeniaAzerbaijanArmenia-Azerbaijan
31%
0.15BotswanaZambiaBotswana-Zambia
31%
610Cote d'IvoireGuineaCote d'Ivoire-Guinea
31%
109DjiboutiEritreaDjibouti-Eritrea
31%
338Guinea-BissauSenegalGuinea-Bissau-Senegal
31%
682KenyaSomaliaKenya-Somalia
31%

Score Distribution

Percentile by Number Answered

Percent of People with Each Score

Your Score History

You have not taken this quiz